|
|
|
|
| LEADER |
02173nam a2200301 a 4500 |
| 001 |
17535 |
| 003 |
BD-DhAAL |
| 008 |
100531s2001 njua b 001 0 eng d |
| 020 |
|
|
|a 0321190467
|a 9788131724682
|
| 040 |
|
|
|a DLC
|c DLC
|d UKM
|d MUQ
|d UBA
|d BAKER
|d BTCTA
|d YDXCP
|d STF
|d TPA
|d BD-DhAAL
|
| 082 |
0 |
0 |
|a 621.381542
|2 21
|
| 100 |
1 |
|
|a Kasap, S. O.
|q (Safa O.)
|9 50834
|
| 245 |
1 |
0 |
|a Optoelectronics and photonics :
|b principles and practices /
|c S.O. Kasap.
|
| 260 |
|
|
|a Upper Saddle River, NJ :
|b Prentice Hall,
|c c2001 [first impression 2009].
|
| 300 |
|
|
|a xi, 340 p. :
|b ill. ;
|c 24 cm +
|e 1 computer optical disc (4 3/4 in.)
|
| 504 |
|
|
|a Includes bibliographical references and index.
|
| 526 |
|
|
|a MNS
|x Mahabobe Shobahani
Faculty Member of BRAC University
Course Name : Optoelectronic Devices (ECE 340)
|
| 541 |
1 |
|
|e 17535, 18531
|a Blackwell Book Services
|
| 650 |
|
0 |
|a Optoelectronic devices
|9 57732
|
| 650 |
|
0 |
|a Photonics
|9 57733
|
| 852 |
4 |
|
|a Ayesha Abed Library
|c General Stacks
|
| 942 |
|
|
|2 ddc
|c BK
|
| 999 |
|
|
|c 8756
|d 8756
|
| 952 |
|
|
|0 0
|1 0
|2 ddc
|4 1
|6 621_381542000000000_KAS
|7 0
|9 10583
|a BRACUL
|b BRACUL
|c SPS
|d 2010-05-31
|g 5491.00
|l 13
|m 118
|o 621.381542 KAS
|p 3010018532
|r 2018-09-03
|s 2017-09-18
|t 3
|w 2010-05-31
|y BK
|x Photocopy Book. Declared as Damaged on December 10, 2023
|
| 952 |
|
|
|0 0
|1 0
|2 ddc
|4 0
|6 621_381542000000000_KAS_2001
|7 0
|9 10584
|a BRACUL
|b BRACUL
|c GEN
|d 2010-05-31
|l 20
|m 150
|o 621.381542 KAS
|p 3010018533
|r 2026-02-18
|s 2025-10-13
|t 4
|w 2010-05-31
|y BK
|
| 952 |
|
|
|0 0
|1 0
|2 ddc
|4 0
|6 621_381500000000000_42_KAS_2001
|7 0
|9 14322
|a BRACUL
|b BRACUL
|c GEN
|d 2011-02-03
|l 24
|m 132
|o 621.381542 KAS
|p 3010018531
|r 2026-01-31
|s 2025-10-13
|t 2
|w 2011-02-03
|y BK
|
| 952 |
|
|
|0 0
|1 0
|2 ddc
|4 1
|6 621_381542000000000_KAS
|7 0
|9 14323
|a BRACUL
|b BRACUL
|c SPS
|d 2011-02-03
|e Blackwell Book Services
|g 0.00
|l 14
|m 100
|o 621.381542 KAS
|p 3010017535
|r 2018-04-16
|s 2018-01-21
|t 1
|w 2011-02-03
|y BK
|x Photocopy Book. Declared as Damaged on December 10, 2023 ; requisitioned by Mahabobe Shobahani for the course named- "Optoelectronic Devices (ECE 340)" ; £52.70
|
| 952 |
|
|
|0 0
|1 0
|2 ddc
|4 0
|6 621_381542000000000_KAS_2001
|7 0
|9 21166
|a BRACUL
|b BRACUL
|c GEN
|d 2012-09-30
|l 1
|o 621.381542 KAS
|p 4010018533
|r 2018-01-07
|s 2018-01-03
|t 2
|w 2012-09-30
|y AV
|